Fundamental concepts of bioinformatics / (Record no. 186646)

MARC details
000 -LEADER
fixed length control field 00731nam a2200229Ia 4500
005 - DATE AND TIME OF LATEST TRANSACTION
control field 20220824144138.0
008 - FIXED-LENGTH DATA ELEMENTS--GENERAL INFORMATION
fixed length control field 210716s2003 xx 000 0 und d
020 ## - INTERNATIONAL STANDARD BOOK NUMBER
International Standard Book Number 8129700441
040 ## - CATALOGING SOURCE
Transcribing agency AIMIT LIBRARY
041 ## - LANGUAGE CODE
Language code of text/sound track or separate title eng
082 ## - DEWEY DECIMAL CLASSIFICATION NUMBER
Classification number 574.80285
Edition number 1
Item number KRAD
100 ## - MAIN ENTRY--PERSONAL NAME
Personal name Krane, Dan E.
9 (RLIN) 55387
245 ## - TITLE STATEMENT
Title Fundamental concepts of bioinformatics /
Statement of responsibility, etc. By Dan E Krane and Michael L Raymer.
250 ## - EDITION STATEMENT
Edition statement 1
260 ## - PUBLICATION, DISTRIBUTION, ETC.
Place of publication, distribution, etc. New Delhi :
Name of publisher, distributor, etc. Pearson Education ,
Date of publication, distribution, etc. 2003.
300 ## - PHYSICAL DESCRIPTION
Extent xiii, 314p. ;
Dimensions 23.5 cm.
650 ## - SUBJECT ADDED ENTRY--TOPICAL TERM
Topical term or geographic name entry element The genetic material
9 (RLIN) 55388
650 ## - SUBJECT ADDED ENTRY--TOPICAL TERM
Topical term or geographic name entry element Protein structure and function
9 (RLIN) 55389
650 ## - SUBJECT ADDED ENTRY--TOPICAL TERM
Topical term or geographic name entry element Molecular biology tools
9 (RLIN) 55390
700 ## - ADDED ENTRY--PERSONAL NAME
Personal name Raymer, Michael L.
9 (RLIN) 55391
942 ## - ADDED ENTRY ELEMENTS (KOHA)
Source of classification or shelving scheme Dewey Decimal Classification
Koha item type Book
Edition 1st
Call number prefix 574.80285 KRAD
Holdings
Withdrawn status Lost status Source of classification or shelving scheme Damaged status Not for loan Collection code Home library Current library Source of acquisition Cost, normal purchase price Inventory number Total Checkouts Full call number Barcode Date last seen Cost, replacement price Price effective from Koha item type Date acquired
    Dewey Decimal Classification     MCA St Aloysius Institute of Management & Information Technology St Aloysius Institute of Management & Information Technology L B Publishers and Distributors 160.00 Bill no:1873; Bill dt:2003-06-28   574.80285 KRAD MCA05323 07/21/2025 160.00 07/16/2021 Book  
    Dewey Decimal Classification   Reference Book MCA St Aloysius Institute of Management & Information Technology St Aloysius Institute of Management & Information Technology Sita Book House 165.00 Bill no:5748; Bill dt:2004-08-05   574.80285 KRAD MCA06154 07/21/2025 132.00 07/16/2021 Book  
    Dewey Decimal Classification     MCA St Aloysius Institute of Management & Information Technology St Aloysius Institute of Management & Information Technology Sita Book House 165.00 Bill no:5748; Bill dt:2004-08-05   574.80285 KRAD MCA06155 07/21/2025 123.75 07/16/2021 Book  
    Dewey Decimal Classification     MCA St Aloysius Institute of Management & Information Technology St Aloysius Institute of Management & Information Technology Sita Book House 165.00 Bill no:5748; Bill dt:2004-08-05   574.80285 KRAD MCA06156 07/21/2025 123.75 07/16/2021 Book  
    Dewey Decimal Classification     MCA St Aloysius Institute of Management & Information Technology St Aloysius Institute of Management & Information Technology Sita Book House 165.00 Bill no:5748; Bill dt:2004-08-05   574.80285 KRAD MCA06157 07/21/2025 123.75 07/16/2021 Book  
    Dewey Decimal Classification     MCA St Aloysius Institute of Management & Information Technology St Aloysius Institute of Management & Information Technology Sita Book House 165.00 Bill no:5748; Bill dt:2004-08-05   574.80285 KRAD MCA06158 07/21/2025 123.75 07/16/2021 Book  
    Dewey Decimal Classification     MCA St Aloysius Institute of Management & Information Technology St Aloysius Institute of Management & Information Technology Sita Book House 165.00 Bill no:5748; Bill dt:2004-08-05   574.80285 KRAD MCA06159 07/21/2025 123.75 07/16/2021 Book  
    Dewey Decimal Classification     MCA St Aloysius Institute of Management & Information Technology St Aloysius Institute of Management & Information Technology Sita Book House 165.00 Bill no:5748; Bill dt:2004-08-05   574.80285 KRAD MCA06160 07/21/2025 123.75 07/16/2021 Book  
    Dewey Decimal Classification     MCA St Aloysius Institute of Management & Information Technology St Aloysius Institute of Management & Information Technology Sita Book House 165.00 Bill no:5748; Bill dt:2004-08-05   574.80285 KRAD MCA06162 07/21/2025 123.75 07/16/2021 Book  
    Dewey Decimal Classification     MCA St Aloysius Institute of Management & Information Technology St Aloysius Institute of Management & Information Technology Sita Book House 165.00 Bill no:5748; Bill dt:2004-08-05   574.80285 KRAD MCA06163 07/21/2025 123.75 07/16/2021 Book 07/09/2024
    Dewey Decimal Classification     MCA St Aloysius Institute of Management & Information Technology St Aloysius Institute of Management & Information Technology Sita Book House 165.00 Bill no:5748; Bill dt:2004-08-05   574.80285 KRAD MCA06164 07/21/2025 123.75 07/16/2021 Book